1638 1241 1499 1264 1245 1101 1466 1897 1345 1345 1130 1541 1754 1607 1588 1258 1524 1919 1588 1484 1777 1421 1624 1564 1646 1899 1049 1406 1032 1854 1246 1847 1611 1794 1948 1032 1863 1967 1771 1455 1440 1191 1793 1293 1610 1446 1258 1627 1057 1069 1699 1729 1556 1048 1225 1743 1857 1154 1532 1474 1594 1999 1213 1723 1046 1276 1895 1307 1701 1777 1858 1591 1454 1364 1192 1126 1759 1640 1751 1242 1154 1542 1523 1500 1203 1149 1797 1776 1486 1235 1978 1465 1486 1708 1467 1033 1468 1671 1424 BCNSPRNW ULIB Ver.6.0+V

เปลี่ยนเป็นภาษาไทย

Change to English
 แสดงรายละเอียดบรรณานุกรม
  กลับหน้าหลัก

Brief Record : Get Marc (ISO 2709) : E-mail record : QR code < ปิดหน้าต่าง
LEADER : 00000nam 2200000uu 4500
001    13399120694
003     ULIB
008    121004s2549||||th 000 0 tha d
020    ^a9749459342
050 04 ^aBF637.C5^bว296ร
100    ^aวราภรณ์ สามโกเศศ
245    ^aรู้จักใช้เข้าใจเงิน /^cวราภรณ์ สามโกเศศ
250    ^aพิมพ์ครั้งที่ 1
260    ^aกรุงเทพฯ :^bธนาคารไทยพาณิชย์,^c2549
300    ^a115 หน้า
650  7 การใช้เงิน
945    ^p0^l0^i24713
945    ^p0^l0^i24714
945    ^p0^l0^i24715
945    ^p0^l0^i24716
995    ทศพร
999    ^aทศพร เกษรทอง
รายการนี้ยังไม่มีแท็ก
คุณยังไม่ได้ล็อกอิน คุณสามารถมีกิจกรรมร่วมกับเว็บไซต์ได้ แต่ต้องล็อกอินก่อน ::
  ล็อกอิน

รายการสื่อสารสนเทศ

ลำดับที่ ประเภท เลขเรียก/บาร์โค้ด สถานที่ สถานะ
1. วิทยาศาสตร์การแพทย์ และสุขภาพ
วิทยาศาสตร์การแพทย์ และสุขภาพ
BF637.C5 ว296ร ฉ.1 
  Barcode: 24713
ห้องสมุดวิทยาเขตสวรรค์ประชารักษ์
►หนังสือทั่วไป
บนชั้น
2. วิทยาศาสตร์การแพทย์ และสุขภาพ
วิทยาศาสตร์การแพทย์ และสุขภาพ
BF637.C5 ว296ร ฉ.2 
  Barcode: 24714
ห้องสมุดวิทยาเขตสวรรค์ประชารักษ์
►หนังสือทั่วไป
บนชั้น
3. วิทยาศาสตร์การแพทย์ และสุขภาพ
วิทยาศาสตร์การแพทย์ และสุขภาพ
BF637.C5 ว296ร ฉ.3 
  Barcode: 24715
ห้องสมุดวิทยาเขตสวรรค์ประชารักษ์
►หนังสือทั่วไป
บนชั้น
4. วิทยาศาสตร์การแพทย์ และสุขภาพ
วิทยาศาสตร์การแพทย์ และสุขภาพ
BF637.C5 ว296ร ฉ.4 
  Barcode: 24716
ห้องสมุดวิทยาเขตสวรรค์ประชารักษ์
►หนังสือทั่วไป
บนชั้น

BibComment


ยังไม่เคยถูกคอมเมนท์

คอมเมนท์ทรัพยากรรายการนี้
  คอมเมนท์: รู้จักใช้เข้าใจเ..


 Copyright 2026. Bcnsprnw @Library